| 000 | 00890cab a2200301 4500 | ||
|---|---|---|---|
| 001 | WB3233-22 | ||
| 008 | 090401t1996 xxu||||| |||| 00| 0 eng d | ||
| 035 | _a(Sirsi) u5604 | ||
| 041 | _aeng | ||
| 245 | _aFat cats take £70m from the taxpayer | ||
| 260 | _c1996 | ||
| 350 | _a0 | ||
| 490 |
_aIndependent _v3 September 1996, 1 |
||
| 490 |
_aBirmingham Post _v4 September 1996, 6(1) |
||
| 520 | _aThe privatised Property Services Agency has been resold, resulting in huge profits for the property developers involved. | ||
| 650 | _aAMEC | ||
| 650 | _aBUILDING AND PROPERTY MANAGEMENT SERVICES | ||
| 650 | _aCVC CAPITAL PARTNERS | ||
| 650 | _aPELL FRISCHMANN | ||
| 650 | _aPRIVATISATION | ||
| 650 | _aPROFITS | ||
| 650 | _aPROPERTY COMPANY | ||
| 650 | _aPROPERTY SERVICES AGENCY | ||
| 650 | _aPSA | ||
| 690 | _aECONOMIC AND SOCIAL | ||
| 942 | _n0 | ||
| 948 | _c04/03/1997 | ||
| 999 |
_c3343 _d3343 |
||